Učitavanje...
Educational scenario in south asian countries/
| Glavni autor: | |
|---|---|
| Format: | Printed Book |
| Jezik: | English |
| Izdano: |
New Delhi:
Commonwealth publishers,
2002.
|
| Teme: |
| LEADER | 00550nam a2200169Ia 4500 | ||
|---|---|---|---|
| 008 | 101008s9999 xx 000 0 eng d | ||
| 020 | |a 8171696783 | ||
| 041 | |a eng | ||
| 082 | |a 370.95 | ||
| 100 | |a Ananda, G | ||
| 245 | |a Educational scenario in south asian countries/ |c Ananda, G | ||
| 260 | |a New Delhi: |b Commonwealth publishers, |c 2002. | ||
| 300 | |a 278 Pages | ||
| 650 | |a Education | ||
| 942 | |c BK | ||
| 999 | |c 183853 |d 183853 | ||
| 952 | |0 0 |1 0 |2 ddc |4 0 |6 370_950000000000000_ANA_E |7 0 |9 203146 |a EDU |b EDU |c ST1 |d 2010-10-20 |i 5457 |o 370.95 ANA/E |p EDU5457 |r 2011-11-14 |y BK | ||